Artificial Intelligence for Environmental Sustainability and Green Initiatives (Registro nro. 325279)
[ vista simple ]
| 000 -ENCABEZADO | |
|---|---|
| Número de control [NR] | 01218nam a22003257a 4500 |
| 005 - FECHA Y HORA DE LA ÚLTIMA TRANSACCIÓN | |
| control field | 20250224092508.0 |
| 008 - DE LONGITUD FIJA DE DATOS DE ELEMENTOS - INFORMACIÓN GENERAL | |
| Elementos de longitud fija [NR] | 250224b ||||| |||| 00| 0 eng d |
| 020 ## - NUMERO INTERNACIONAL NORMALIZADO PARA LIBROS [R] | |
| Número Internacional Normalizado del libro [NR] | 9783031634505 |
| 020 ## - NUMERO INTERNACIONAL NORMALIZADO PARA LIBROS [R] | |
| Número Internacional Normalizado del libro [NR] | 9783031634512 |
| 040 ## - FUENTE DE CATALOGACION [NR] | |
| Agencia de catalogación original [NR] | CO-BoUCM |
| Quien Cataloga | David Moreno |
| Quien Clasifica | David Moreno |
| 041 ## - CODIGO DE IDIOMA [R] | |
| Código de idioma para texto/pista de sonido o título separado [R] | Inglés |
| 245 00 - MENCION DE TITULO [NR] | |
| Título [NR] | Artificial Intelligence for Environmental Sustainability and Green Initiatives |
| Mención de responsabilidad, etc. [NR] | Aboul Ella Hassanien, Ashraf Darwish, Sally M. Elghamrawy |
| 250 ## - MENCION DE EDICION [NR] | |
| Mención de edición [NR] | 1a.Ed |
| 260 ## - PUBLICACION, DISTRIBUCION, ETC. (PIE DE IMPRENTA) [R] | |
| Lugar de publicación, distribución, etc. [R] | Suiza |
| Nombre del editor, distribuidor, etc. [R] | Springer |
| Fecha de publicación, distribución, etc. [R] | 2024 |
| 300 ## - DESCRIPCION FISICA [R] | |
| Extensión [R] | xiii, 359 Paginas |
| 504 ## - NOTA DE BIBLIOGRAFIA, ETC. [R] | |
| Nota de bibliografía, etc. [NR] | Incluye referencias bibliográficas e índices |
| 653 ## - TERMINO DE INDIZACION - NO CONTROLADO [R] | |
| Término de indización no controlado [R] | Inteligencia artificial (IA) y sostenibilidad |
| 653 ## - TERMINO DE INDIZACION - NO CONTROLADO [R] | |
| Término de indización no controlado [R] | IA para el medio ambiente |
| 653 ## - TERMINO DE INDIZACION - NO CONTROLADO [R] | |
| Término de indización no controlado [R] | Eficiencia energética con IA |
| 653 ## - TERMINO DE INDIZACION - NO CONTROLADO [R] | |
| Término de indización no controlado [R] | IA en energías renovables |
| 653 ## - TERMINO DE INDIZACION - NO CONTROLADO [R] | |
| Término de indización no controlado [R] | Monitoreo ambiental con IA |
| 653 ## - TERMINO DE INDIZACION - NO CONTROLADO [R] | |
| Término de indización no controlado [R] | Conservación de biodiversidad con IA |
| 653 ## - TERMINO DE INDIZACION - NO CONTROLADO [R] | |
| Término de indización no controlado [R] | IA y economía circular |
| 653 ## - TERMINO DE INDIZACION - NO CONTROLADO [R] | |
| Término de indización no controlado [R] | Agricultura sostenible con IA |
| 700 1# - ASIENTO SECUNDARIO - NOMBRE PERSONAL [R] | |
| Nombre personal [NR] | Hassanien, Aboul Ella |
| Término de relación [R] | editor |
| 9 (RLIN) | 184797 |
| 700 1# - ASIENTO SECUNDARIO - NOMBRE PERSONAL [R] | |
| Nombre personal [NR] | Darwish, Ashraf |
| Término de relación [R] | editor |
| 9 (RLIN) | 184798 |
| 700 1# - ASIENTO SECUNDARIO - NOMBRE PERSONAL [R] | |
| Nombre personal [NR] | Elghamrawy, Sally M. |
| Término de relación [R] | editor |
| 9 (RLIN) | 184799 |
| 942 ## - ELEMENTOS DE ENTRADA AGREGADOS (KOHA) | |
| Sistema de clasificación | DEWEY |
| Tema principal | Ciencias aplicadas |
| Tipo de ítem principal el descrito en 300a | Libro |
| Edición | 1 |
| Clasificación | 006.3 |
| Parte restante de la signatura top. | H353a |
| Título oculto en OPAC | No |
| Total préstamos | Signatura topográfica | Código de barras | Última vez visto | Ejemplar | Price effective from | Tipo de ítem | Perdido | Sistema de clasificación | Dañado | No prestable | Tipo de ítem específico | Suprimido | Ubicación habitual | Ubicación actual | Localización | Fecha de creación | Forma de adquisición | Costo |
|---|---|---|---|---|---|---|---|---|---|---|---|---|---|---|---|---|---|---|
| 006.3 H353a | 100173664 | 03/12/2025 | Ej.1 | 24/02/2025 | Libro | DEWEY | Libro | Claustro | Claustro | 4to piso | 24/02/2025 | Compra | 967956.00 |